the boy is mine - Ariana Grande (All Lyrics) - Statistics

General Stats
  • This quiz has been taken 75 times
  • The average score is 238 of 279
Answer Stats
Lyrics % Correct
boy
100%
boy!
100%
I
100%
I,
100%
is
100%
mine,
100%
mine
100%
(mine)
100%
the
100%
a
98%
can
98%
can't
96%
it
96%
to
96%
be?
94%
be
94%
be,
94%
in
94%
me
94%
me,
94%
and
92%
i'm
92%
my
92%
so
92%
you
92%
him
90%
try
90%
wait
90%
about
88%
cause
88%
'cause
88%
come
88%
for
88%
how
88%
like
88%
no
88%
over,
88%
over
88%
something
88%
why
88%
baby,
85%
believe
85%
but
85%
mind
85%
stars,
85%
know
83%
somebody
83%
there's
83%
usually
83%
time
81%
trying,
81%
divine
79%
divine,
79%
made
79%
take
79%
tell
79%
they
79%
denying
77%
don't
77%
independent,
77%
"it's
77%
it's
77%
knows
77%
unproblematic
77%
watch
77%
what
77%
all
75%
get
75%
God
75%
intertwined
75%
use
75%
this
71%
this,
71%
wanna
71%
aligned
69%
let's
69%
meant
69%
scene
69%
fine"
67%
unsee
67%
happens
65%
gotta
63%
not
63%
reason
63%
these
63%
on
60%
say,
60%
situation
60%
always
58%
promise
58%
girls,
56%
might
56%
probably
56%
sticky
56%
accountability
52%
life
52%
dime
50%
heart,
50%
ignore
50%
planned
50%
shit,
50%
through
50%
ain't
48%
news
48%
tears
48%
wouldn't
48%
or
46%
full
44%
please
44%
bet
42%
simply
42%
No matching quizzes found
Score Distribution
Percent of People with Each Score
Percentile by Number Answered
Your Score History
You have not taken this quiz